Irgendwelche Sachen/Wörter von A-Z. - Statistiken

Allgemein
  • Dieses Quiz wurde 130 mal gespielt
  • Das Durchschnittsergebnis liegt bei 21 aus 26
Antwortstatistiken
Bildquiz Hint Antwort % Korrekt
D Dach
96%
E Elf
96%
F Fingerabdruck
94%
H husten
94%
N Nebel
94%
T Tür
93%
U Ufo
93%
A Afrika
92%
J Jamaika
92%
M Mango
91%
P Pappe
91%
R Riss
90%
I Ihr
89%
S Schlaf
89%
W Weiß
86%
G Größer als
85%
K Kaufland
83%
L lang
77%
X Xenon
74%
C Caillou
68%
O Onkel
68%
Y Yolo
68%
Z Zeitzone
68%
B Beim
66%
V Vierhundert
65%
Q quatro
21%
Keine übereinstimmenden Quizze gefunden
Verteilung der Resultate
Anzahl Personen mit jedem Resultat
Perzentil nach korrekt beantworteten Fragen
Ihre Resultats-Entwicklung
Sie haben dieses Quiz noch nicht gespielt